000 00230nam a22000977a 4500
999 _c2615
_d2615
082 _a363.5
100 _aRowshan, Arthur
245 _aStress :An Owner's Manual
_bStress :An Owner's Manual
260 _aUSA
_bCRC
_c2016
942 _cBK